000 00350nam a2200133Ia 4500
008 240624s9999 xx 000 0 und d
041 _aeng
082 _a158.5 FLE
100 _aFLETCHER MOLLY
245 _aWINNER S GUIDE TO NEGOTIATING HOW CONVER
260 _c2015
_aNew York
_bTata McGraw- Hill
300 _axii, 210 p.; 22 cm.
365 _c
_b38
999 _c29180
_d29180